| 000 | 01808cam a2200397 i 4500 | ||
|---|---|---|---|
| 001 | EDZ0000052706 | ||
| 003 | StDuBDS | ||
| 005 | 20161031105208.0 | ||
| 006 | m||||||||d|||||||| | ||
| 007 | cr ||||||||||| | ||
| 008 | 111206s2012 cau fo| 001|0|eng|d | ||
| 020 |
_a9781452218373 (ebook) : _cNo price |
||
| 040 |
_aStDuBDS _beng _cStDuBDS _erda _epn |
||
| 049 | _aAlfaisal Main Library | ||
| 050 | 0 |
_aLB1028.3 _b.T3972 2012 |
|
| 082 | 0 | 4 |
_a371.330973 _223 |
| 245 | 0 | 0 |
_aTechnology in schools / _cvolume editor, Kevin P. Brady. |
| 264 | 1 |
_aThousand Oaks, California : _bSAGE Publications, _c2012. |
|
| 300 | _a1 online resource (xxvii, 322 pages). | ||
| 336 |
_atext _2rdacontent |
||
| 337 |
_acomputer _2rdamedia |
||
| 338 |
_aonline resource _2rdacarrier |
||
| 490 | 1 |
_aDebating issues in American education ; _vvolume 10 |
|
| 504 | _aIncludes bibliographical references and index. | ||
| 520 | 8 | _a15 to 20 chapters explore such varied issues as the digital divide, electronic textbooks, impacts on curricula, privacy on school computers, web censorship, and more. Each chapter opens with an introductory essay by the volume editor, followed by articles written and signed by invited experts, and concludes with Further Readings and Resources. | |
| 521 | _aSpecialized. | ||
| 588 | _aDescription based on online resource; title from home page (viewed on December 17, 2014). | ||
| 650 | 0 |
_aEducational technology _zUnited States _xPlanning. |
|
| 655 | 7 |
_aElectronic books. _2local |
|
| 700 | 1 |
_aBrady, Kevin P., _eeditor. |
|
| 710 | 2 | _aSage eBooks | |
| 776 | 0 | 8 |
_iPrint version : _z9781412987592 |
| 830 | 0 |
_aDebating issues in American education ; _vvolume 10. |
|
| 856 | 4 | 0 | _uhttp://ezproxy.alfaisal.edu/login?url=http://sk.sagepub.com/reference/technologyinschools |
| 942 |
_2lcc _cEBOOKS |
||
| 999 |
_c481422 _d481422 |
||